[Event "Napoli Spring Cup 1st"]
[Site "Napoli"]
[Date "2017.03.16"]
[Round "2"]
[White "Melchior, Alex"]
[Black "Caiazzo, Diego"]
[Result "1-0"]
[WhiteElo "1983"]
[BlackElo "1723"]
[PlyCount "59"]
[EventDate "2017.03.09"]
[EventType "swiss"]
[EventRounds "6"]
[EventCountry "ITA"]
[SourceTitle "EXT 2018"]
[Source "ChessBase"]
[SourceDate "2017.10.13"]
[SourceVersion "1"]
[SourceVersionDate "2017.10.13"]
[SourceQuality "1"]

1. d4 Nf6 2. Nf3 e6 3. c4 d5 4. Nc3 Be7 5. Bg5 0-0 6. e3 Nbd7 7. Qc2 c5 8. Bd3 a6 9. 0-0 cxd4 10. Nxd4 dxc4 11. Bxc4 Nb6 12. Bb3 h6 13. Bh4 Nfd5 14. Bxe7 Qxe7 15. Nxd5 Nxd5 16. Rac1 Bd7 17. Bxd5 Rac8 18. Qb3 exd5 19. Qxd5 Rxc1 20. Rxc1 Rc8 21. Rxc8+ Bxc8 22. Qc4 Qd8 23. h3 Qd7 24. Qc5 Qd8 25. Kh2 b6 26. Qe5 Bb7 27. Nf5 f6 28. Qe6+ Kf8 29. Nd6 Qe7 30. Qxe7+ 1-0

[Event "Napoli Trofeo Caissa 2nd"]
[Site "Napoli"]
[Date "2016.11.24"]
[Round "4"]
[White "Mocerino, Dario"]
[Black "Caiazzo, Diego"]
[Result "0-1"]
[WhiteElo "1517"]
[BlackElo "1732"]
[PlyCount "92"]
[EventDate "2016.11.03"]
[EventType "swiss"]
[EventRounds "7"]
[EventCountry "ITA"]
[SourceTitle "EXT 2018"]
[Source "ChessBase"]
[SourceDate "2017.10.13"]
[SourceVersion "1"]
[SourceVersionDate "2017.10.13"]
[SourceQuality "1"]

1. e4 e6 2. Nf3 d5 3. e5 Bd7 4. d4 c5 5. c3 Nc6 6. Bb5 Nxe5 7. Bxd7+ Nxd7 8. 0-0 Ngf6 9. Bg5 Be7 10. Nbd2 0-0 11. Re1 a6 12. Qc2 Rc8 13. Be3 cxd4 14. Bxd4 h6 15. Rad1 Bc5 16. Qd3 Bxd4 17. Qxd4 Qb6 18. Qxb6 Nxb6 19. Ne5 Nbd7 20. Ndf3 Nxe5 21. Nxe5 Rfd8 22. Rd4 Ne4 23. f3 Nd6 24. Red1 Nf5 25. R4d3 b5 26. Kf2 Nd6 27. f4 Nc4 28. Nxc4 Rxc4 29. g3 Rdc8 30. Re1 R4c6 31. Re2 Kf8 32. Kf3 Rd8 33. g4 f6 34. h3 Kf7 35. Rdd2 Rcd6 36. Ke3 e5 37. fxe5 fxe5 38. Rf2+ Rf6 39. Rfe2 g5 40. Rf2 Rf4 41. Rd1 Rd6 42. Rfd2 Ke6 43. Rc1 d4+ 44. Ke2 Re4+ 45. Kf2 dxc3 46. Rxc3 Rxd2+ 0-1

[Event "Napoli Trofeo Caissa 2nd"]
[Site "Napoli"]
[Date "2016.11.03"]
[Round "1"]
[White "Caiazzo, Diego"]
[Black "Duraccio, Mattia"]
[Result "0-1"]
[WhiteElo "1732"]
[BlackElo "1440"]
[PlyCount "98"]
[EventDate "2016.11.03"]
[EventType "swiss"]
[EventRounds "7"]
[EventCountry "ITA"]
[SourceTitle "EXT 2018"]
[Source "ChessBase"]
[SourceDate "2017.10.13"]
[SourceVersion "1"]
[SourceVersionDate "2017.10.13"]
[SourceQuality "1"]

1. d4 Nf6 2. Nf3 e6 3. a3 b6 4. c4 Bb7 5. e3 c5 6. Nc3 d5 7. cxd5 Nxd5 8. Bb5+ Nd7 9. 0-0 a6 10. Ba4 b5 11. Bc2 Bd6 12. Nxd5 Bxd5 13. e4 Bb7 14. Be3 0-0 15. e5 Bxf3 16. Qxf3 cxd4 17. Bxd4 Bc7 18. Qe4 g6 19. Rad1 Qb8 20. f4 Nb6 21. g4 Rd8 22. h4 Nd5 23. Kh2 Bb6 24. Bxb6 Qxb6 25. f5 Ne3 26. fxg6 Nxf1+ 27. Rxf1 Rd2+ 28. Kg3 Rad8 29. gxf7+ Kf8 30. Qb4+ R8d6 31. exd6 Qe3+ 32. Rf3 Qg1+ 33. Kf4 Rd4+ 34. Qxd4 Qxd4+ 35. Kg3 Qxd6+ 36. Kg2 Qd4 37. Kh3 Qxb2 38. Bxh7 a5 39. h5 b4 40. axb4 a4 41. h6 Qh8 42. Rd3 Kxf7 43. Rd7+ Kf6 44. Rg7 a3 45. g5+ Ke5 46. Bb1 Kd5 47. Rf7 Qb2 48. Bg6 a2 49. h7 a1Q 0-1

[Event "Napoli Autunno Vomero op-A"]
[Site "Napoli"]
[Date "2016.09.29"]
[Round "4"]
[White "Caiazzo, Diego"]
[Black "Cosenza, Gianni"]
[Result "1-0"]
[WhiteElo "1699"]
[BlackElo "1908"]
[PlyCount "91"]
[EventDate "2016.09.08"]
[EventType "swiss"]
[EventRounds "7"]
[EventCountry "ITA"]
[SourceTitle "EXT 2018"]
[Source "ChessBase"]
[SourceDate "2017.10.13"]
[SourceVersion "1"]
[SourceVersionDate "2017.10.13"]
[SourceQuality "1"]

1. e4 e6 2. d4 d5 3. Nc3 Nf6 4. Bg5 Be7 5. e5 Nfd7 6. Bxe7 Qxe7 7. f4 a6 8. a3 c5 9. Nf3 b5 10. Qd2 Nc6 11. Ne2 Bb7 12. c3 Na5 13. Nc1 Rc8 14. a4 b4 15. Bd3 Nc4 16. Qe2 cxd4 17. cxd4 Qd8 18. Nb3 Na5 19. Nfd2 Nxb3 20. Nxb3 a5 21. 0-0 0-0 22. Rfc1 Qb6 23. Bb5 Bc6 24. Rxc6 Rxc6 25. Bxc6 Qxc6 26. Nxa5 Qb6 27. Nb3 Qa7 28. a5 Rc8 29. Qd2 Rc4 30. Rc1 g6 31. h3 f6 32. Kh2 fxe5 33. fxe5 Qc7 34. Kh1 Nb8 35. Rxc4 Qxc4 36. Nc5 Qf1+ 37. Kh2 Kf7 38. Qh6 Ke8 39. Nxe6 Nc6 40. Nc7+ Kd8 41. Ne6+ Ke8 42. Qxh7 Nxd4 43. Qxg6+ Kd7 44. Nc5+ Kc8 45. Qe8+ Kc7 46. Qd7+ 1-0

[Event "Napoli Antica Scuola 3rd"]
[Site "Napoli"]
[Date "2014.12.04"]
[Round "1"]
[White "Caiazzo, Diego"]
[Black "Auletta, Angelo"]
[Result "0-1"]
[WhiteElo "1748"]
[BlackElo "2154"]
[PlyCount "110"]
[EventDate "2014.12.04"]
[EventType "swiss"]
[EventRounds "6"]
[EventCountry "ITA"]
[SourceTitle "EXT 2017"]
[Source "ChessBase"]
[SourceDate "2016.10.25"]
[SourceVersion "1"]
[SourceVersionDate "2016.10.25"]
[SourceQuality "1"]

1. Nf3 Nf6 2. d4 g6 3. g3 Bg7 4. Bg2 0-0 5. 0-0 d6 6. c3 Nc6 7. Nbd2 e5 8. dxe5 dxe5 9. Qc2 Qe7 10. e4 h6 11. h3 Be6 12. b3 Rfd8 13. Bb2 a5 14. a4 Qc5 15. Ba3 Qb6 16. Rab1 Nd7 17. Rfd1 Nc5 18. Nc4 Bxc4 19. bxc4 Rxd1+ 20. Qxd1 Qa7 21. Qc2 Ne6 22. Rd1 Rd8 23. Rd5 Qa8 24. Qd1 Bf8 25. Bxf8 Kxf8 26. Qc1 Kg7 27. Nxe5 Nxe5 28. Rxe5 c6 29. Kh2 b6 30. Qe3 Qb8 31. Rxe6 fxe6 32. e5 c5 33. Bf3 Qc7 34. Be4 Qxe5 35. f4 Qd6 36. Bg2 Re8 37. Qe4 e5 38. f5 gxf5 39. Qxf5 Qe6 40. Qe4 Rf8 41. Qe2 Qf5 42. h4 e4 43. Kg1 Re8 44. Qe3 Rd8 45. Bxe4 Re8 46. Qxh6+ Kxh6 47. Bxf5 Re3 48. g4 Rxc3 49. Be6 Ra3 50. Bd7 Ra2 51. Kh1 Rb2 52. Kg1 Kg6 53. Kh1 Rb4 54. Bb5 Rxb5 55. cxb5 c4 0-1

[Event "Napoli Province-ch"]
[Site "Napoli"]
[Date "2013.12.05"]
[Round "1"]
[White "Caiazzo, Diego"]
[Black "Cerrato, Roberto"]
[Result "1-0"]
[WhiteElo "1792"]
[BlackElo "1804"]
[PlyCount "127"]
[EventDate "2013.12.05"]
[EventType "swiss"]
[EventRounds "7"]
[EventCountry "ITA"]
[SourceTitle "EXT 2015"]
[Source "ChessBase"]
[SourceDate "2014.11.20"]
[SourceVersion "1"]
[SourceVersionDate "2014.11.20"]
[SourceQuality "1"]

1. d4 e6 2. e4 d5 3. exd5 exd5 4. Bd3 Bd6 5. Nf3 Ne7 6. 0-0 Bf5 7. Bxf5 Nxf5 8. Re1+ Ne7 9. Bg5 Nbc6 10. c3 f6 11. Bh4 Qd7 12. Nbd2 0-0-0 13. Bg3 Bxg3 14. hxg3 h5 15. Qe2 Rde8 16. Qe6 Ng6 17. Qxd7+ Kxd7 18. Nh4 Nge7 19. Kf1 g5 20. Nhf3 h4 21. gxh4 gxh4 22. Ng1 Reg8 23. Nh3 Rg4 24. f3 Rg7 25. Nf4 Rhg8 26. Re2 Nd8 27. Rae1 c6 28. Nh5 Rf7 29. Nxf6+ Rxf6 30. Rxe7+ Kd6 31. Re8 Rfg6 32. Rxg8 Rxg8 33. Kf2 Ne6 34. Rh1 Nf4 35. Rxh4 Rxg2+ 36. Ke3 Re2+ 37. Kxf4 Rxd2 38. Rh6+ Kd7 39. Rh7+ Kc8 40. Ke5 a5 41. f4 Rxb2 42. f5 Kd8 43. Kd6 Ke8 44. Re7+ Kf8 45. Rc7 a4 46. Ke6 Re2+ 47. Kf6 Ke8 48. Rxb7 Rxa2 49. Ke6 Re2+ 50. Kd6 Rf2 51. Kxc6 Rxf5 52. Ra7 Rf3 53. Rxa4 Rxc3+ 54. Kxd5 Ke7 55. Ra7+ Ke8 56. Kd6 Rh3 57. Ra8+ Kf7 58. d5 Rh6+ 59. Kd7 Rh1 60. d6 Re1 61. Rc8 Rd1 62. Rc6 Rd2 63. Rc7 Rd1 64. Kc8+ 1-0

[Event "Napoli Sociale-ch"]
[Site "Napoli"]
[Date "2012.07.05"]
[Round "6"]
[White "Caiazzo, Diego"]
[Black "Solombrino, Giovanni"]
[Result "1-0"]
[WhiteElo "1871"]
[BlackElo "1822"]
[PlyCount "82"]
[EventDate "2012.05.31"]
[EventType "swiss"]
[EventRounds "7"]
[EventCountry "ITA"]
[SourceTitle "EXT 2018"]
[Source "ChessBase"]
[SourceDate "2017.10.13"]
[SourceVersion "1"]
[SourceVersionDate "2017.10.13"]
[SourceQuality "1"]

1. e4 c5 2. b3 Nc6 3. Bb2 d6 4. Nf3 Nf6 5. d3 g6 6. g3 Bg7 7. Bg2 0-0 8. 0-0 Rb8 9. a4 b6 10. Nbd2 Bb7 11. Nc4 e6 12. Ne3 d5 13. exd5 exd5 14. Ne5 Re8 15. Nxc6 Bxc6 16. Re1 Qd7 17. Qd2 d4 18. Nc4 Bxg2 19. Kxg2 Qd5+ 20. Kg1 Ng4 21. Qf4 h5 22. Re4 f5 23. Ree1 Bh6 24. Qd6 Qf7 25. h3 Rbd8 26. Qc6 Nf6 27. Nd6 Rxe1+ 28. Rxe1 Qd7 29. Qxd7 Rxd7 30. Re6 Bf8 31. Rxf6 Rxd6 32. Rxd6 Bxd6 33. Bc1 Kf7 34. Kg2 Ke6 35. Kf3 a6 36. h4 b5 37. axb5 axb5 38. Bd2 b4 39. Bf4 Be7 40. Bb8 Bf6 41. Kf4 Be5+ 1-0

[Event "Napoli Parthenope op 4th"]
[Site "Napoli"]
[Date "2012.05.10"]
[Round "7"]
[White "Schiappoli, Dario"]
[Black "Caiazzo, Diego"]
[Result "1-0"]
[WhiteElo "1950"]
[BlackElo "1870"]
[PlyCount "111"]
[EventDate "2012.03.22"]
[EventType "swiss"]
[EventRounds "7"]
[EventCountry "ITA"]
[SourceTitle "EXT 2018"]
[Source "ChessBase"]
[SourceDate "2017.10.13"]
[SourceVersion "1"]
[SourceVersionDate "2017.10.13"]
[SourceQuality "1"]

1. e4 e6 2. d4 d5 3. Be3 dxe4 4. Nd2 Nf6 5. f3 Nd5 6. Qe2 Nxe3 7. Qxe3 exf3 8. Ngxf3 Nd7 9. 0-0-0 Be7 10. Ne4 Nf6 11. Nxf6+ gxf6 12. Bc4 Bd7 13. Rhe1 c6 14. Qh6 Bf8 15. Qh5 Qc7 16. Bxe6 Qf4+ 17. Kb1 0-0-0 18. Qxf7 Bh6 19. Bxd7+ Rxd7 20. Qe6 Kc7 21. Re4 Qd6 22. Qh3 Bg5 23. Re6 Qf4 24. Nxg5 fxg5 25. Qe3 Qxe3 26. Rxe3 Rhd8 27. c3 Rd5 28. Rde1 R8d7 29. Re5 Rxe5 30. Rxe5 Rg7 31. Kc2 Kd6 32. Kd3 h6 33. g3 Rf7 34. Ke3 Rf1 35. Kd2 Rb1 36. Kc2 Rh1 37. Re2 Rf1 38. Kd3 Rf3+ 39. Ke4 g4 40. c4 Rf1 41. c5+ Kd7 42. Kd3 Rd1+ 43. Kc3 Rc1+ 44. Kd2 Rf1 45. b4 a6 46. Kd3 Rd1+ 47. Rd2 Re1 48. Kc3 Rc1+ 49. Kb3 Rb1+ 50. Ka3 Rf1 51. d5 Rf3+ 52. Ka4 b5+ 53. Ka5 Ra3+ 54. Kb6 cxd5 55. Rxd5+ Ke7 56. Rd2 1-0

[Event "Napoli Parthenope op 4th"]
[Site "Napoli"]
[Date "2012.04.19"]
[Round "4"]
[White "Caiazzo, Diego"]
[Black "Taurisano, Vincenzo"]
[Result "0-1"]
[WhiteElo "1871"]
[BlackElo "1865"]
[PlyCount "116"]
[EventDate "2012.03.22"]
[EventType "swiss"]
[EventRounds "7"]
[EventCountry "ITA"]
[SourceTitle "EXT 2018"]
[Source "ChessBase"]
[SourceDate "2017.10.13"]
[SourceVersion "1"]
[SourceVersionDate "2017.10.13"]
[SourceQuality "1"]

1. Nf3 Nf6 2. g3 g6 3. Bg2 Bg7 4. 0-0 0-0 5. c4 c5 6. Nc3 Nc6 7. d3 d6 8. Bd2 Rb8 9. Qc1 a6 10. Bh6 Nd4 11. Bxg7 Nxf3+ 12. Bxf3 Kxg7 13. Nd5 Nxd5 14. Bxd5 Bh3 15. Qc3+ Kg8 16. Rfd1 e5 17. e3 b5 18. b3 b4 19. Qb2 Qg5 20. f4 exf4 21. exf4 Qf5 22. Be4 Qd7 23. Re1 Bf5 24. Qf6 Qe6 25. Qxe6 Bxe6 26. Re3 Bd7 27. Rae1 Rfe8 28. Bd5 Rxe3 29. Rxe3 Re8 30. Kf2 Kf8 31. Rxe8+ Kxe8 32. Ke3 Ke7 33. d4 Bf5 34. Be4 Bd7 35. dxc5 dxc5 36. Kf3 a5 37. g4 a4 38. f5 g5 39. f6+ Kxf6 40. Bxh7 Ke5 41. Bg8 axb3 42. axb3 Kd4 43. Bxf7 Kc3 44. h4 gxh4 45. g5 Bf5 46. g6 Kxb3 47. g7 Bh7 48. Kg4 Ka2 49. g8Q Bxg8 50. Bxg8 b3 51. Bh7 b2 52. Kxh4 b1Q 53. Bxb1+ Kxb1 54. Kg3 Kc2 55. Kf2 Kd3 56. Ke1 Kxc4 57. Ke2 Kc3 58. Kd1 Kb2 0-1

[Event "Napoli Province-ch 2012"]
[Site "Napoli"]
[Date "2012.02.02"]
[Round "7"]
[White "Messina, Enrico"]
[Black "Caiazzo, Diego"]
[Result "1-0"]
[WhiteElo "2125"]
[BlackElo "1856"]
[PlyCount "155"]
[EventDate "2011.12.15"]
[EventType "swiss"]
[EventRounds "7"]
[EventCountry "ITA"]
[SourceTitle "EXT 2018"]
[Source "ChessBase"]
[SourceDate "2017.10.13"]
[SourceVersion "1"]
[SourceVersionDate "2017.10.13"]
[SourceQuality "1"]

1. e4 e6 2. Nf3 d5 3. e5 Bd7 4. a3 a5 5. d4 c5 6. Nc3 c4 7. g3 b5 8. Bg2 Na6 9. 0-0 Ne7 10. Ne2 Nf5 11. g4 Nh4 12. Ng3 Nxg2 13. Kxg2 Be7 14. Kh1 Nc7 15. Nh5 Rg8 16. g5 b4 17. axb4 axb4 18. Be3 Bc6 19. Rg1 Rxa1 20. Qxa1 Qa8 21. Qb1 Kd7 22. h4 Nb5 23. Kh2 c3 24. b3 Na3 25. Qd1 Bb5 26. Ne1 Qa6 27. Ng3 g6 28. Qf3 Ke8 29. Rh1 Nb1 30. Kg2 Qa2 31. Qd1 Na3 32. Kf3 Qb1 33. Qxb1 Nxb1 34. Ne2 Na3 35. Nf4 Kd7 36. Bc1 Ra8 37. Ke3 Nb1 38. Nfd3 Ra2 39. f4 Na3 40. Rh2 Ra1 41. h5 Bxd3 42. Nxd3 gxh5 43. Kf3 Ra2 44. Ne1 Nb5 45. Be3 Ra1 46. Ke2 Ra2 47. Rxh5 Na3 48. Kd3 Ra1 49. Ke2 Ra2 50. Kd1 Ra1+ 51. Bc1 Nb5 52. Nf3 Ra8 53. Rxh7 Rf8 54. Be3 Ke8 55. Ke2 Na3 56. Kd3 Rg8 57. Nh2 Bf8 58. Ng4 Rg7 59. Rh8 Ke7 60. Bf2 Nb1 61. g6 fxg6 62. Bh4+ Ke8 63. Nf6+ Kf7 64. Bg5 Be7 65. Rb8 Bxf6 66. Bxf6 Rh7 67. Rb7+ Kg8 68. Rxh7 Kxh7 69. Be7 Kh6 70. Bxb4 Kh5 71. Bxc3 Nxc3 72. Kxc3 Kg4 73. b4 Kxf4 74. b5 g5 75. b6 g4 76. b7 g3 77. b8Q g2 78. Qb1 1-0

[Event "Napoli Province-ch 2012"]
[Site "Napoli"]
[Date "2012.01.26"]
[Round "6"]
[White "Caiazzo, Diego"]
[Black "Taurisano, Vincenzo"]
[Result "1-0"]
[WhiteElo "1856"]
[BlackElo "1898"]
[PlyCount "55"]
[EventDate "2011.12.15"]
[EventType "swiss"]
[EventRounds "7"]
[EventCountry "ITA"]
[SourceTitle "EXT 2018"]
[Source "ChessBase"]
[SourceDate "2017.10.13"]
[SourceVersion "1"]
[SourceVersionDate "2017.10.13"]
[SourceQuality "1"]

1. Nf3 d5 2. b3 Nf6 3. Bb2 c5 4. e3 Nc6 5. Be2 e6 6. 0-0 Be7 7. d4 0-0 8. c4 b6 9. Nc3 Bb7 10. cxd5 exd5 11. Rc1 Rc8 12. Na4 Ne4 13. dxc5 bxc5 14. Nd2 Nb4 15. a3 Na6 16. Nxe4 dxe4 17. Qxd8 Rfxd8 18. Rfd1 Kf8 19. Kf1 f6 20. Ke1 Rxd1+ 21. Rxd1 Nc7 22. Nc3 Ke8 23. Bg4 Rd8 24. Rxd8+ Kxd8 25. Bf5 g6 26. Bxe4 Bxe4 27. Nxe4 Kd7 28. Nxf6+ 1-0

[Event "Napoli Estate al Vomero op 5th"]
[Site "Napoli"]
[Date "2011.05.19"]
[Round "3"]
[White "Caiazzo, Diego"]
[Black "Pinto, Gaetano"]
[Result "0-1"]
[WhiteElo "1854"]
[BlackElo "2027"]
[PlyCount "94"]
[EventDate "2011.05.08"]
[EventType "swiss"]
[EventRounds "7"]
[EventCountry "ITA"]
[SourceTitle "EXT 2018"]
[Source "ChessBase"]
[SourceDate "2017.10.13"]
[SourceVersion "1"]
[SourceVersionDate "2017.10.13"]
[SourceQuality "1"]

1. Nf3 Nf6 2. b3 g6 3. Bb2 Bg7 4. g3 d6 5. Bg2 e5 6. 0-0 Nbd7 7. c4 c6 8. d4 Qc7 9. Nc3 0-0 10. dxe5 dxe5 11. Qc2 Re8 12. e4 a5 13. Na4 b6 14. Rad1 Bf8 15. Rd2 Nc5 16. Nxc5 Bxc5 17. Ne1 Nd7 18. Nd3 Bf8 19. Rfd1 Nc5 20. Nxc5 Bxc5 21. Qd3 Bg4 22. Bf3 Be6 23. Qe2 h5 24. h4 f6 25. Qd3 a4 26. Qc2 axb3 27. axb3 Ra2 28. Qc1 Qe7 29. Qb1 Rea8 30. Bc3 R2a3 31. Qb2 b5 32. b4 Rxc3 33. bxc5 Rxf3 34. Rd6 bxc4 35. Rxc6 c3 36. Qe2 Bg4 37. Qc4+ Kg7 38. Rcd6 Qa7 39. Rb6 Rc8 40. Rdb1 Rc7 41. Ra6 Qxc5 42. Qxc5 Rxc5 43. Rb7+ Kf8 44. Raa7 c2 45. Rf7+ Ke8 46. Rh7 c1Q+ 47. Kg2 Rxf2+ 0-1

[Event "Napoli Primavera al Vomero op 7th"]
[Site "Napoli"]
[Date "2011.04.01"]
[Round "4"]
[White "Franzese, Luigi"]
[Black "Caiazzo, Diego"]
[Result "1/2-1/2"]
[WhiteElo "1890"]
[BlackElo "1863"]
[PlyCount "183"]
[EventDate "2011.03.11"]
[EventType "swiss"]
[EventRounds "7"]
[EventCountry "ITA"]
[SourceTitle "EXT 2018"]
[Source "ChessBase"]
[SourceDate "2017.10.13"]
[SourceVersion "1"]
[SourceVersionDate "2017.10.13"]
[SourceQuality "1"]

1. e4 e6 2. d4 d5 3. Nc3 dxe4 4. Nxe4 Nd7 5. Nf3 Ngf6 6. Nxf6+ Nxf6 7. Bd3 c5 8. c3 Be7 9. 0-0 0-0 10. Bg5 cxd4 11. Nxd4 h6 12. Bh4 a6 13. Qe2 Qb6 14. Rad1 Rd8 15. Bb1 Bd7 16. Qc2 g6 17. Rfe1 Be8 18. Qe2 Rd7 19. Rd2 Rad8 20. Red1 Nd5 21. Bg3 Bg5 22. Rd3 Nf4 23. Bxf4 Bxf4 24. Nf3 Rxd3 25. Rxd3 Rxd3 26. Bxd3 Bc6 27. Nd4 Bd5 28. b3 Qc7 29. c4 Bxh2+ 30. Kh1 Be5 31. Nf3 Bxf3 32. Qxf3 Qd7 33. Qd1 Qd4 34. Kg1 Qh4 35. g3 Qd4 36. Qf3 Qd7 37. Be4 b6 38. Qd3 Qxd3 39. Bxd3 Bd6 40. Kg2 e5 41. f3 f5 42. g4 fxg4 43. fxg4 Kg7 44. Kf3 Kf6 45. Ke4 a5 46. Kd5 Bc5 47. Be4 h5 48. gxh5 gxh5 49. Bf3 h4 50. Ke4 Bd4 51. Bg4 Kg5 52. Bd7 Bb2 53. Bh3 Kf6 54. Kd5 Ke7 55. Bf5 Kf6 56. Bh3 Ba3 57. Ke4 Bd6 58. Kd5 Ke7 59. Bg4 Bc7 60. Bh3 Kf6 61. Ke4 Bd8 62. Bc8 Be7 63. Bh3 Bb4 64. Kd5 Be1 65. Ke4 Bg3 66. Bf1 Ke7 67. Kd5 Kd8 68. Bh3 Kc7 69. Bg4 e4 70. Kxe4 Kd6 71. Bh3 Kc5 72. Kd3 Kb4 73. Kc2 Ka3 74. Kb1 Bd6 75. Bg4 a4 76. bxa4 Kxa4 77. Be6 Kb4 78. Kc2 Bc5 79. Kb1 Kc3 80. Kc1 Kd3 81. Kd1 Ke3 82. Ke1 Kf3 83. Kf1 Kg3 84. Bd5 h3 85. Bh1 h2 86. Bd5 Kf4 87. Kg2 Bg1 88. Kh1 Ke5 89. Bc6 Kd4 90. Bb5 Kc3 91. a4 Kb4 92. Kg2 1/2-1/2

[Event "Napoli Primavera al Vomero op 7th"]
[Site "Napoli"]
[Date "2011.03.11"]
[Round "1"]
[White "Di Gennaro, Antonio"]
[Black "Caiazzo, Diego"]
[Result "1/2-1/2"]
[WhiteElo "1659"]
[BlackElo "1863"]
[PlyCount "129"]
[EventDate "2011.03.11"]
[EventType "swiss"]
[EventRounds "7"]
[EventCountry "ITA"]
[SourceTitle "EXT 2018"]
[Source "ChessBase"]
[SourceDate "2017.10.13"]
[SourceVersion "1"]
[SourceVersionDate "2017.10.13"]
[SourceQuality "1"]

1. e4 e6 2. d4 d5 3. Nc3 dxe4 4. Nxe4 Nd7 5. Nf3 Ngf6 6. Bg5 Be7 7. Nxf6+ Bxf6 8. h4 h6 9. Bxf6 Qxf6 10. Qd2 0-0 11. 0-0-0 b6 12. Re1 Bb7 13. Ne5 Rfd8 14. f4 c5 15. Rh3 cxd4 16. Qxd4 Nc5 17. Qe3 Ne4 18. Bd3 Nc5 19. Bf1 Qe7 20. g4 Qd6 21. Nd3 Nxd3+ 22. Bxd3 Qd4 23. Rd1 Qxe3+ 24. Rxe3 Kf8 25. c3 Rac8 26. Kb1 Rc5 27. Kc2 Rcd5 28. Be2 Rxd1 29. Bxd1 Rd6 30. Bf3 Bxf3 31. Rxf3 Ke7 32. Re3 Kd7 33. Re5 Kc6 34. Re4 Rd5 35. Ra4 a5 36. Re4 b5 37. c4 bxc4 38. Rxc4+ Kd6 39. b4 g6 40. a4 axb4 41. Rxb4 f6 42. Kc3 e5 43. Re4 Rc5+ 44. Kb4 Rd5 45. Kc4 h5 46. g5 exf4 47. Rxf4 f5 48. Kb4 Ke5 49. Rf1 Rd4+ 50. Kb5 Rd5+ 51. Kb4 f4 52. Ra1 Rd4+ 53. Kc3 f3 54. a5 Rd8 55. a6 Kf4 56. a7 f2 57. a8Q Rxa8 58. Rxa8 Kg3 59. Rf8 Kxh4 60. Rxf2 Kxg5 61. Rg2+ Kf5 62. Rf2+ Kg5 63. Kd4 h4 64. Ke5 h3 65. Rh2 1/2-1/2